| 000 | 00386nam a2200133 4500 | ||
|---|---|---|---|
| 999 |
_c513173 _d513173 |
||
| 008 | 200128b ||||| |||| 00| 0 eng d | ||
| 100 |
_aFetzer, Thiemo _915605 |
||
| 245 | _aDid austerity cause Brexit? | ||
| 260 | _bJournal of Economic Perspectives | ||
| 300 | _a109(11), Nov, 2019: p.3849-3886. | ||
| 773 | _aJournal of Economic Perspectives | ||
| 906 | _aBrexit | ||
| 942 |
_2ddc _cAR |
||